Al-Ahbash pentakfir umat : kompilasi artikel berkenaan gerakan ekstrim Al-Ahbash

Bibliographic Details
Main Author: Muhammad Munir bin Zakaria
Format: Book
Published: Johor Bahru : Jahabersa , 2015
Subjects:

MARC

LEADER 00000cam a2200000 7i4500
001 0000075302
005 20170824.0
008 170823
020 |a 9789673085392 
090 0 0 |a 297.5   |b MUH 
100 0 |a Muhammad Munir bin Zakaria 
245 1 0 |a Al-Ahbash pentakfir umat :   |b kompilasi artikel berkenaan gerakan ekstrim Al-Ahbash   |c Muhammad Munir bin Zakaria 
260 |a Johor Bahru :   |b Jahabersa ,   |c 2015 
300 |a 143 pg. ;   |c 20.8 cm. 
541 0 0 |c Purchased on 2017 
650 0 |a Religious tolerance Islam 
650 0 |a Temperence and Islam 
999 |a 0001467711   |b Book   |c Adult Collection   |e Cawangan Kota Tinggi 
999 |a 0001467712   |b Book   |c Adult Collection   |e Cawangan Bukit Gambir 
999 |a 0001467713   |b Book   |c Adult Collection   |e Cawangan Bukit Gambir 
999 |a 0001467714   |b Book   |c Adult Collection   |e Cawangan Tangkak 
999 |a 0001467715   |b Book   |c Adult Collection   |e Cawangan Mersing 
999 |a 0001467716   |b Book   |c Adult Collection   |e Cawangan Batu Pahat 
999 |a 0001467717   |b Book   |c Adult Collection   |e Cawangan Segamat 
999 |a 0001467718   |b Book   |c Adult Collection   |e Cawangan Segamat 
999 |a 0001467719   |b Book   |c Adult Collection   |e Cawangan Taman Sri Lambak 
999 |a 0001467720   |b Book   |c Adult Collection   |e Cawangan Bandar Tenggara 
999 |a 0001467721   |b Book   |c Adult Collection   |e Cawangan Tmn. Ungku Tun Aminah 
999 |a 0001467722   |b Book   |c Adult Collection   |e Cawangan Pontian 
999 |a 0001467723   |b Book   |c Adult Collection   |e Cawangan Bandar Penawar 
999 |a 0001467724   |b Book   |c Adult Collection   |e Cawangan Sri Merlong 
999 |a 0001467725   |b Book   |c Adult Collection   |e Cawangan Muar 
999 |a 0001467726   |b Book   |c Adult Collection   |e Cawangan Muar 
999 |a 0001468892   |b Book   |c Adult Collection   |e Perbadanan Perpustakaan Awam Johor 
999 |a 0001468893   |b Book   |c Adult Collection   |e Perbadanan Perpustakaan Awam Johor 
999 |a 0001468894   |b Book   |c Adult Collection   |e Cawangan Urban Transformation Centre 
999 |a 0001468895   |b Book   |c Adult Collection   |e Cawangan Urban Transformation Centre 
999 |a 0001468896   |b Book   |c Adult Collection   |e Cawangan AEON Kulaijaya